书目信息 |
| 题名: |
环境影响评价实用技术指南
|
|
| 作者: | 周兆驹 , 林国栋 , 李爱贞 编著 | |
| 分册: | ||
| 出版信息: | 北京 机械工业出版社 2012 |
|
| 页数: | 628页 | |
| 开本: | 26cm | |
| 丛书名: | ||
| 单 册: | ||
| 中图分类: | X820.3 | |
| 科图分类: | ||
| 主题词: | 环境影响 , 环境影响--评价--基本知识 | |
| 电子资源: | ||
| ISBN: | 978-7-111-36485-6 | |
| 000 | 01135nam0 2200265 450 | |
| 001 | 139898 | |
| 005 | 20140914085639.06 | |
| 010 | @a978-7-111-36485-6@dCNY 98.00 | |
| 100 | @a20120510d2012 em y0chiy50 ea | |
| 101 | 0 | @achi |
| 102 | @aCN@b110000 | |
| 105 | @aa z 000yy | |
| 200 | 1 | @a环境影响评价实用技术指南@Ahuan jing ying xiang ping jia shi yong ji shu zhi nan@b专著@f李爱贞,周兆驹,林国栋等编著 |
| 205 | @a2版 | |
| 210 | @a北京@c机械工业出版社@d2012 | |
| 215 | @a628页@c图@d26cm | |
| 330 | @a本书以国家最新颁布的环境影响评价技术导则等标准为依据,在总结近年来环境影响评价工作经验的基础上,分工程分析、环境空气、地表水、地下水、噪声、固体废物、生态环境、区域、规划、环境风险、公众参与11个专题论述了环境影响评价的实用方法和应该注意的技术要点。通过典型案例,剖析了环境评价工作中经常遇到的一些疑难问题并提出了解决方案。 | |
| 606 | 0 | @a环境影响 |
| 606 | 0 | @a环境影响@x评价@x基本知识 |
| 690 | @aX820.3@v5 | |
| 701 | 0 | @a周兆驹@Azhou zhao ju@f(1946 )@4编著 |
| 701 | 0 | @a林国栋@Alin guo dong@4编著 |
| 701 | 0 | @a李爱贞@Ali ai zhen@c(女,@f1942 )@4编著 |
| 801 | 0 | @aCN@b110120@c20140914 |
| 905 | @a241430@dX820.3@eL120=2 | |
| 环境影响评价实用技术指南/李爱贞,周兆驹,林国栋等编著.-2版.-北京:机械工业出版社,2012 |
| 628页:图;26cm |
| ISBN 978-7-111-36485-6:CNY 98.00 |
| 本书以国家最新颁布的环境影响评价技术导则等标准为依据,在总结近年来环境影响评价工作经验的基础上,分工程分析、环境空气、地表水、地下水、噪声、固体废物、生态环境、区域、规划、环境风险、公众参与11个专题论述了环境影响评价的实用方法和应该注意的技术要点。通过典型案例,剖析了环境评价工作中经常遇到的一些疑难问题并提出了解决方案。 |
| ● |
| 相关链接 |
|
|
|
正题名:环境影响评价实用技术指南
索取号:X820.3/L120=2
 
预约/预借
| 序号 | 登录号 | 条形码 | 馆藏地/架位号 | 状态 | 备注 |
| 1 | 0832478 | 208324785 | 自科二线504/501自科库 113排1列1层/ [索取号:X820.3/L120=2] | 在馆 | |
| 2 | 0832479 | 208324794 | 自科二线504/501自科库 113排1列1层/ [索取号:X820.3/L120=2] | 在馆 | |
| 3 | 0832480 | 208324801 | 自科库501/501自科库 113排1列1层/ [索取号:X820.3/L120=2] | 在馆 |